Responses for Show #1204 - Thursday, November 23, 1989

Lisa Guay game 3.

Contestants

[<< previous game]

Caron Andregg, an account executive from San Diego, California

Hank Simpson, a mechanical engineer from Bath, Maine

Lisa Guay, a homemaker from Champlain, New York (whose 2-day cash winnings total $18,400)

[next game >>]

Jeopardy! Round responses

THE OLD WEST
"P"s & "Q"s
ADS & COMMERCIALS
CANALS
SILENT MOVIES
TITLES
    $100 25
brand

Caron
    $100 16
Pentagon

Hank
    $100 15
Jolly Green Giant

Hank
    $100 26
Panama Canal

Lisa
    $100 6
Valentino

Hank
    $100 1
[Lisa said it the Queensbury way.]

Marquis

Lisa
    $200 7
(Hank: What is fool's gold?)

diamonds

LisaHank
    $200 17
pamper

Lisa
    $200 21
Whirlpool

Caron
    $200 27
locks

Caron
    $200 8
Charlie Chaplin

Caron
    $200 2
czar

Lisa
    $300 11
cowpoke

Hank
    $300 18
quicksilver

Lisa
    $300 22
(Hank: What is salt?)
(Alex: Be more specific.)

Morton Salt

Hank
    $300 28
Corps of Engineers

Hank
    $300 9
Sadie Thompson

Lisa
    $300 3
san

Lisa
    $400 12
Oregon Trail

Hank
    $1,000 19
"Pollution"

Lisa
    $400 23
Pillsbury Doughboy (Poppin' Fresh)

Lisa
    $400 30
(West) Germany

Hank
    $400 10
Lillian Gish

Hank
    $400 4
"Lady Madonna"

Lisa
    $500 13
Bat Masterson

Caron
    $500 20
quoits

Lisa
    $500 24
(Alex: We have less than a minute to go in this round.)

Wind Song

Hank
    $500 29
Lake Superior & Huron

Triple Stumper
    $500 14
Wings

Lisa
    $500 5
Mister

Caron

Scores at the first commercial break (after clue 15):

Lisa Hank Caron
$2,000 $1,100 $1,200

Scores at the end of the Jeopardy! Round:

Lisa Hank Caron
$4,500 $2,700 $1,700

Double Jeopardy! Round responses

AUTHORS
RELIGIOUS LEADERS
U.S. CITIES
OPERA
ROYALTY
BODY LANGUAGE
    $200 8
Charles Schulz

Hank
    $200 26
Confucius

Hank
    $200 1
Chattanooga

Caron
    $200 6
Joan of Arc (Maid of Orleans)

Lisa
    $200 19
the Netherlands

Lisa
    $200 13
tongue twister

Lisa
    $400 9
Dale Carnegie

Lisa
    $400 2
Milwaukee

Hank
    $400 7
(Caron: What is The Mikado?)

Madame Butterfly

HankCaron
    $400 20
Belgium

Hank
    $400 17
neck

Caron
    $600 10
Damon Runyon

Hank
    $600 29
(Lisa: Who is Suleiman the Magnificent?)

Saladin

Lisa
Triple Stumper
    $600 3
El Paso

Caron
    $1,000 14
The Marriage of Figaro

Lisa
    $600 21
Mary, Queen of Scots

Lisa
    $600 18
arm & a leg

Lisa
    $800 11
Sloan Wilson

Triple Stumper
    $3,000 27
(Hank: ...Who is St. Augustine?)

Buddha

Hank
    $800 4
(Hank: What is Wayne?)
(Alex: [*], Indiana, right.)
[Alex's ruling was reversed when DD2 was revealed.]

Fort Wayne

Hank
Triple Stumper
    $800 15
Faust

Lisa
    $800 22
Margrethe

Triple Stumper
    $800 24
knee jerk reaction

Lisa
    $1000 12
P.G. Wodehouse

Caron
    $1000 28
Hungary

Hank
    $1000 5
New Orleans

Lisa
    $1000 16
(Hank: What is Camille?)

La Traviata

HankCaron
    $1000 23
Luxembourg

Caron
    $1000 25
long in the tooth

Lisa

Scores at the end of the Double Jeopardy! Round:

Lisa Hank Caron
$10,700 $1,100 $5,500

[wagering suggestions for these scores]

Final Jeopardy! Round responses

LANDMARKS
HankWhat is Taj Mahal
$500
CaronWhat is Taj Mahal
$5,499
LisaWhat is "Taj Mahal"?
$301
Taj Mahal

Final scores:

Lisa Hank Caron
$11,001 $1,600 $10,999
3-day champion: $29,401 3rd place: Maytag Jetclean dishwaher + Jeopardy! box game or computerized version 2nd place: trip on Delta to Miami, Florida & stay at Sheraton Bal Harbour + Jeopardy! box game or computerized version

Game dynamics:

Coryat scores:

Lisa Hank Caron
$9,700 $4,100 $5,500
24 R
(including 2 DDs),
1 W
17 R,
4 W
(including 1 DD)
12 R,
1 W

Combined Coryat: $19,300

[game clues] [game scores] [suggest correction]

Game tape date: 1989-08-22
The J! Archive is created by fans, for fans. Scraping, republication, monetization, and malicious use prohibited; this site may use cookies and collect identifying information. See terms. The Jeopardy! game show and all elements thereof, including but not limited to copyright and trademark thereto, are the property of Jeopardy Productions, Inc. and are protected under law. This website is not affiliated with, sponsored by, or operated by Jeopardy Productions, Inc. Join the discussion at JBoard.tv.